Clinical Aspects of THE PLASMA PROTEINS /

Bibliographic Details
Main Author: Kawai, Tadashi
Corporate Author: SpringerLink (Online service)
Format: eBook
Language:English
Published: Berlin, Heidelberg : Springer Berlin Heidelberg, 1973.
Subjects:
Online Access:Connect to the full text of this electronic book

MARC

Tag First Indicator Second Indicator Subfields
LEADER 00000cam a2200000Mi 4500
001 in00003569607
006 m o d
007 cr mnu---uuaaa
008 130125s1973 gw o 000 0 eng
005 20260421182206.3
020 |a 9783662062678 (electronic bk.) 
020 |a 3662062674 (electronic bk.) 
020 |z 9783662062692 
020 |z 3662062690 
020 |z 3662062674 
035 |a (OCoLC)851372797 
040 |a AU@  |b eng  |c AU@  |d GW5XE  |d OCLCF  |d UtOrBLW 
049 |a TXAM 
050 4 |a R1 
072 7 |a MB  |2 bicssc 
072 7 |a MED000000  |2 bisacsh 
082 0 4 |a 610  |2 23 
100 1 |a Kawai, Tadashi. 
245 1 0 |a Clinical Aspects of THE PLASMA PROTEINS /  |c by Tadashi Kawai. 
264 1 |a Berlin, Heidelberg :  |b Springer Berlin Heidelberg,  |c 1973. 
300 |a 1 online resource (xvi, 464 pages) 
336 |a text  |b txt  |2 rdacontent 
337 |a computer  |b c  |2 rdamedia 
338 |a online resource  |b cr  |2 rdacarrier 
500 |a Electronic resource. 
650 0 |a Medicine. 
650 0 |a Life sciences. 
650 7 |a Life sciences.  |2 fast  |0 (OCoLC)fst00998323 
650 7 |a Medicine.  |2 fast  |0 (OCoLC)fst01014893 
655 7 |a Electronic books.  |2 local 
710 2 |a SpringerLink (Online service) 
776 1 8 |i Print version:  |z 9783662062692 
856 4 0 |u http://proxy.library.tamu.edu/login?url=https://link.springer.com/10.1007/978-3-662-06267-8  |z Connect to the full text of this electronic book  |t 0 
994 |a 92  |b TXA 
999 |a MARS 
999 f f |s 56f29fe2-c500-3fbb-9831-9e214d4778f5  |i 167412de-fd67-3ecb-aac4-41578188a2d3  |t 0 
952 f f |a Texas A&M University  |b College Station  |c Electronic Resources  |s www_evans  |d Available Online  |t 0  |e R1  |h Library of Congress classification 
998 f f |a R1  |t 0  |l Available Online